|
|
|
|
| LEADER |
00000nam0a2200000 4500 |
| 001 |
186040 |
| 005 |
20231101223945.0 |
| 035 |
|
|
|a (RuTPU)RU\TPU\book\201861
|
| 090 |
|
|
|a 186040
|
| 100 |
|
|
|a 20101022d1922 m y0rusy50 ca
|
| 101 |
0 |
|
|a rus
|
| 102 |
|
|
|a RU
|
| 105 |
|
|
|a y z 000zy
|
| 200 |
1 |
|
|a Происхождение человека
|f Д. Н. Анучин
|
| 210 |
|
|
|a Москва
|c Государственное изд-во
|d 1922
|
| 215 |
|
|
|a 98 с.
|
| 225 |
2 |
|
|a Популярно-научная библиотека
|
| 316 |
|
|
|5 63413507: 75//152
|a Бракованный экземпляр в издательском переплете: нет окончания книги.
|
| 316 |
|
|
|5 63413507: 75//152
|a На титульном листе штамп: "Библиотека Раб. Клуб ВУЗ инв. № 1081; № отд. 573; авт А-73".
|
| 610 |
1 |
|
|a человек
|
| 610 |
1 |
|
|a происхождение
|
| 675 |
|
|
|a 572
|v 3
|
| 686 |
|
|
|a T5
|v LBC/SL-A
|2 rubbk
|
| 700 |
|
1 |
|a Анучин
|b Д. Н.
|c антрополог,географ, этнограф
|c академик
|f 1843-1923
|g Дмитрий Николаевич
|2 stltpush
|3 (RuTPU)RU\TPU\pers\11750
|9 2897
|
| 801 |
|
1 |
|a RU
|b 63413507
|c 20101022
|
| 801 |
|
2 |
|a RU
|b 63413507
|c 20101026
|g RCR
|
| 942 |
|
|
|c BK
|